Pla d'Actuació en Matèria d'Ocupació per l'any 2005 : bases generals i específiques bases generals i específiques
Descripción Física:
128 f. ; 30 cm
Materias:
Personal -- Selecció
MARC
| LEADER | 00000nam a2200000Ia 4500 | ||
|---|---|---|---|
| 001 | 21670 | ||
| 003 | BGR | ||
| 005 | 20260324180053.0 | ||
| 008 | 160829s2006 xx 000 0 cat d | ||
| 080 | |a M-6-217 | ||
| 245 | |a Pla d'Actuació en Matèria d'Ocupació per l'any 2005 : |b bases generals i específiques | ||
| 260 | |a Barcelona : |b Diputació de Barcelona. Unitat de Selecció de Personal, |c 2006 | ||
| 300 | |a 128 f. ; |c 30 cm | ||
| 590 | |a A la coberta: PAMO 2005. BOPB Núm. 312, Annex II, de 30 de desembre de 2005 | ||
| 650 | |a Personal |x Selecció |9 43086 | ||
| 710 | 1 | |a Barcelona (Catalunya : Província). |b Diputació |b Unitat de Selecció de Personal |9 52408 | |
| 901 | |a Arxiu | ||
| 942 | |n 1 |2 udc |c MON | ||
| 952 | |0 0 |1 0 |4 0 |6 M6217 |7 1 |9 52561 |a Arxiu |b Arxiu |d 2016-12-01 |l 0 |o M-6-217 |p 21670 |r 2016-12-01 00:00:00 |w 2016-12-01 |y ARXIU | ||
| 999 | |c 56410 |d 56410 | ||